01125nam a2200193Ia 4500001001100000003001000011008004100021040002500062041001300087100001700100245008900117250001100206260007500217300001200292500024000304501011400544520024000658650003300898L840-49625IT-CnALBA170116s9999||||xx |||||||||||||| ||und|| aIT-CnALBAcIT-CnALBA aITALIANO aGUERRI MARLA 0aUN UOMO, UN AMORE. ROMANZO. AMORE PASSIONATO E TOTALIZZANTE CHE CAMBIERA' DUE VITE.  a1a ed. aFIRENZEbL'AUTORE LIBRIc1996 [1° Ed.:1996 - Ed.Ling.Originale: 1996] a102 p.  aPAESINO DEL CIVENTO. INIZI ANNI '90. UN UOMO STRAORDINARIO, ORIGINI MISTERIOSE TRASFORMAZIONE DI ELENA NOBILE "BAMBOLA" DECADUTA. IN DONNA COSCIENTE E DETERMINATA. CON QUESTA OPERA MATTEO PROTAGONISTA OTTERRA' IL SUO RISCATTO SOCIALE.  aSocietà San Paolo EM - Piazza San Paolo, 14 - 12051 ALBA (CN) (non commercial uses only) ® Copyright 2017 aPAESINO DEL CIVENTO. INIZI ANNI '90. UN UOMO STRAORDINARIO, ORIGINI MISTERIOSE TRASFORMAZIONE DI ELENA NOBILE "BAMBOLA" DECADUTA. IN DONNA COSCIENTE E DETERMINATA. CON QUESTA OPERA MATTEO PROTAGONISTA OTTERRA' IL SUO RISCATTO SOCIALE.  aLETTERATURA FRANCESE E ALTRE